|
|
|
|
| LEADER |
03466nam a2200553 4500 |
| 001 |
ocn898584667 |
| 003 |
OCoLC |
| 005 |
20170124070721.1 |
| 006 |
m o d |
| 007 |
cr ||||||||||| |
| 008 |
141223t20152015gw a ob 001 0 eng d |
| 040 |
|
|
|a DG1
|b eng
|e rda
|e pn
|c DG1
|d E7B
|d YDXCP
|d OCLCF
|d COO
|d MMU
|d OCLCA
|d DEBBG
|d GrThAP
|
| 019 |
|
|
|a 900088500
|
| 020 |
|
|
|a 9783527673438
|q electronic bk.
|
| 020 |
|
|
|a 3527673431
|q electronic bk.
|
| 020 |
|
|
|a 9783527673469
|q ebook
|
| 020 |
|
|
|a 3527673466
|q ebook
|
| 020 |
|
|
|z 9783527335275
|q hardback
|
| 020 |
|
|
|z 3527335277
|q hardback
|
| 024 |
7 |
|
|a 10.1002/9783527673438
|2 doi
|
| 029 |
1 |
|
|a AU@
|b 000054319123
|
| 029 |
1 |
|
|a CHVBK
|b 334086523
|
| 029 |
1 |
|
|a CHBIS
|b 010442274
|
| 029 |
1 |
|
|a DEBBG
|b BV043397395
|
| 035 |
|
|
|a (OCoLC)898584667
|z (OCoLC)900088500
|
| 050 |
|
4 |
|a QP531
|
| 082 |
0 |
4 |
|a 572.51
|2 23
|
| 049 |
|
|
|a MAIN
|
| 245 |
0 |
0 |
|a Bioorganometallic chemistry :
|b applications in drug discovery, biocatalysis, and imaging /
|c edited by Gérard Jaouen and Michèle Salmain.
|
| 264 |
|
1 |
|a Weinheim :
|b Wiley-VCH, Verlad GmbH & Co. KGaA,
|c [2015]
|
| 264 |
|
4 |
|c ©2015
|
| 300 |
|
|
|a 1 online resource (xx, 398 pages) :
|b illustrations (some color)
|
| 336 |
|
|
|a text
|b txt
|2 rdacontent
|
| 337 |
|
|
|a computer
|b c
|2 rdamedia
|
| 338 |
|
|
|a online resource
|b cr
|2 rdacarrier
|
| 504 |
|
|
|a Includes bibliographical references and index.
|
| 505 |
0 |
|
|a Part one: Medicinal chemistry. Organometallic complexes as enzyme inhibitors: a conceptual overview / Philipp Anstaett, Gilles Gasser -- The biological target potential of organometallic steroids / Gérard Jaouen, Siden Top, Michael J McGlinchey -- Chirality in organometallic anticancer complexes / María J Romero, Peter J Sadler -- Gold organometallics with biological properties / Maria Agostina Cinellu, Ingo Ott, Angela Casini -- On the molecular mechanisms of the antimalarial action of ferroquine / Faustine Dubar, Christophe Biot -- Metal carbonyl prodrugs: co delivery and beyond / Carlos C Romão, Helena LA Vieira -- Dinitrosyl iron complexes with natural thiol-containing ligands: physicochemistry, biology, and medicine / Anatoly F Vanin -- Part two: Metalloproteins, catalysis, and energy production. The bioorganometallic chemistry of hydrogenase / Ryan D Bethel, Marcetta Y Darensbourg -- Bio-organometallic systems for the hydrogen economy: engineering of electrode materials and light-driven devices / Murielle Chavarot-Kerlidou, Pascale Chenevier, Vincent Artero -- Artificial metalloenzymes containing an organometallic active site / Akira Onoda, Takashi Hayashi, Michèle Salmain -- Part three: Bioanalysis. Organometallic bioprobes for cellular imaging / Emanuela Licandro, Monica Panigati, Michèle Salmain, Anne Vessières.
|
| 588 |
|
|
|a Description based on online resource; title from resource home page (ebrary, viewed October 27, 2015).
|
| 650 |
|
0 |
|a Bioinorganic chemistry.
|
| 650 |
|
0 |
|a Organometallic chemistry.
|
| 650 |
|
7 |
|a Bioinorganic chemistry.
|2 fast
|0 (OCoLC)fst00832183
|
| 650 |
|
7 |
|a Organometallic chemistry.
|2 fast
|0 (OCoLC)fst01047969
|
| 655 |
|
4 |
|a Electronic books.
|
| 655 |
|
0 |
|a Electronic books.
|
| 700 |
1 |
|
|a Jaouen, Gérard,
|e editor.
|
| 700 |
1 |
|
|a Salmain, Michèle,
|e editor.
|
| 776 |
0 |
8 |
|i Print version:
|t Bioorganometallic chemistry.
|d Weinheim : Wiley-VCH, 2015
|z 9783527335275
|w (OCoLC)896907991
|
| 856 |
4 |
0 |
|u https://doi.org/10.1002/9783527673438
|z Full Text via HEAL-Link
|
| 994 |
|
|
|a 92
|b DG1
|